[Event "DEM U18w 2017"]
[Site "Willingen GER"]
[Date "2017.06.04"]
[Round "1"]
[White "Rogozenco, Teodora"]
[Black "Ley, Sabrina"]
[Result "1/2-1/2"]
[Termination "normal"]
[Board "2"]
[WhiteTitle "WFM"]
[WhiteElo "2139"]
[BlackElo "1888"]
[WhiteClock "00:01:53"]
[BlackClock "00:01:19"]
[PlyCount "120"]
[WhiteFideId "12938084"]
[BlackFideId "12938130"]
[EventCountry "GER"]
[EventRounds "9"]
[EventType "swiss"]
[EventDate "2017.06.03"]

1. d4 d5 2. c4 dxc4 3. Nf3 Nf6 4. Qa4+ Nbd7 5. Nc3 e6 6. e4 Be7 7. Bxc4 O-O 8.
Qc2 Nb6 9. Bd3 h6 10. O-O a6 11. Rd1 Bd7 12. Qe2 Rc8 13. e5 Nfd5 14. Ne4 Bc6
15. Bd2 Qe8 16. Rac1 Bb4 17. Bxb4 Nxb4 18. Bb1 Qe7 19. a3 N4d5 20. Qc2 g6 21.
Qd2 Kg7 22. h3 Rcd8 23. Re1 Rc8 24. Nh2 Qh4 25. Ng4 Nd7 26. Qc2 Qe7 27. Rcd1
Rcd8 28. Rd3 h5 29. Nh2 N7b6 30. Rg3 Nf4 31. Nf3 Nbd5 32. Kh2 Nb6 33. Rg5 Nfd5
34. Qc1 Rc8 35. Ng3 Rh8 36. Nh4 Bd7 37. Nf3 Rcg8 38. Ne4 Bc6 39. Nh4 Bd7 40.
Rd1 Bc6 41. Rd3 Nf4 42. Rdg3 Ne2 43. Nxg6 fxg6 44. Rxg6+ Kf7 45. Rf3+ Ke8 46.
Rxg8+ Rxg8 47. Qe3 Bxe4 48. Qxe4 Qg5 49. Rf6 Nxd4 50. Ba2 Ke7 51. g3 Nd7 52.
Qxd4 Nxf6 53. exf6+ Qxf6 54. Qc5+ Kd7 55. Kg2 Rf8 56. Qe3 Qf5 57. h4 Qf6 58. b4
Re8 59. Bb3 Kc8 60. Qa7 Kd8 1/2-1/2

[Event "DEM U18w 2017"]
[Site "Willingen GER"]
[Date "2017.06.04"]
[Round "1"]
[White "Yi, Wendy"]
[Black "Wiesner, Paula"]
[Result "0-1"]
[Termination "normal"]
[Board "3"]
[WhiteElo "1693"]
[BlackElo "2061"]
[WhiteClock "00:06:54"]
[BlackClock "00:48:17"]
[PlyCount "40"]
[WhiteFideId "16224850"]
[BlackFideId "24654019"]
[EventCountry "GER"]
[EventRounds "9"]
[EventType "swiss"]
[EventDate "2017.06.03"]

1. e4 e6 2. d4 d5 3. exd5 exd5 4. Nf3 Nf6 5. Bd3 Be7 6. Bf4 O-O 7. O-O Bg4 8.
h3 Bh5 9. Re1 c5 10. c3 Nc6 11. dxc5 Bxc5 12. Qc2 Bxf3 13. gxf3 d4 14. c4 Nb4
15. Qb3 Nh5 16. Be5 Qg5+ 17. Kf1 Rfe8 18. Bxd4 Rxe1+ 19. Kxe1 Qc1+ 20. Qd1
Nxd3+ 0-1

[Event "DEM U18w 2017"]
[Site "Willingen GER"]
[Date "2017.06.04"]
[Round "1"]
[White "Wächter, Nathalie"]
[Black "Gatzke, Carolin"]
[Result "1-0"]
[Termination "normal"]
[Board "4"]
[WhiteElo "1994"]
[BlackElo "1778"]
[WhiteClock "00:09:39"]
[BlackClock "00:19:13"]
[PlyCount "95"]
[WhiteFideId "12921033"]
[BlackFideId "12943746"]
[EventCountry "GER"]
[EventRounds "9"]
[EventType "swiss"]
[EventDate "2017.06.03"]

1. d4 c5 2. d5 Nf6 3. Nc3 e6 4. e4 d6 5. Be2 exd5 6. exd5 Be7 7. Nf3 O-O 8. O-O
Re8 9. Nd2 Na6 10. Nc4 Nc7 11. a4 Bf5 12. Bf3 Nd7 13. Bf4 Nb6 14. Ne3 Bg6 15.
a5 Nc8 16. Nc4 Bg5 17. Bxg5 Qxg5 18. Re1 Kf8 19. Rxe8+ Nxe8 20. Nb5 a6 21. Nc3
Qf4 22. Qe2 Ne7 23. Nb6 Rd8 24. Re1 Qf6 25. Bg4 Nc7 26. Nd7+ Rxd7 27. Bxd7 Bf5
28. Bxf5 Nxf5 29. Qd3 g6 30. Qd2 Kg7 31. Re4 Nd4 32. Kf1 h5 33. h3 Qf5 34. Re7
Nxd5 35. Nxd5 Qxd5 36. c3 Qc4+ 37. Kg1 Nf5 38. Rxb7 Qe4 39. Rd7 Qc6 40. Ra7 Nh4
41. Qg5 Nf5 42. g4 hxg4 43. hxg4 Nh6 44. Qf4 Qd5 45. Rxa6 Qd1+ 46. Kg2 Nxg4 47.
Rxd6 Qe2 48. a6 1-0

[Event "DEM U18w 2017"]
[Site "Willingen GER"]
[Date "2017.06.04"]
[Round "1"]
[White "Wallat, Jessica"]
[Black "Klenk, Sofie"]
[Result "1-0"]
[Termination "normal"]
[Board "5"]
[WhiteElo "1706"]
[BlackElo "1876"]
[WhiteClock "00:04:07"]
[BlackClock "00:03:37"]
[PlyCount "120"]
[WhiteFideId "12909637"]
[BlackFideId "12996653"]
[EventCountry "GER"]
[EventRounds "9"]
[EventType "swiss"]
[EventDate "2017.06.03"]

1. e4 c5 2. Nf3 e6 3. d4 cxd4 4. Nxd4 a6 5. Bd3 Nf6 6. O-O Qc7 7. Qe2 d6 8. c4
g6 9. Nc3 Bg7 10. Be3 O-O 11. Rac1 Nbd7 12. b4 Ne5 13. c5 Nxd3 14. Qxd3 dxc5
15. bxc5 Ng4 16. Nf3 Rd8 17. Qe2 Nxe3 18. Qxe3 Bd7 19. c6 Bxc6 20. Na4 Qa5 21.
Nb6 Rab8 22. a3 Bxe4 23. Rc7 Bc6 24. Rxf7 Re8 25. Rc7 Qc3 26. Qxc3 Bxc3 27. Ng5
h6 28. Nf3 Ba5 29. Rb1 Rbd8 30. h3 Rd6 31. Ne5 Be4 32. Nec4 Bxb1 33. Nxd6 Rd8
34. Ndc4 Bc3 35. Rxb7 Ba2 36. Ne3 Bd5 37. Nbxd5 exd5 38. Rb1 d4 39. Nc4 Kg7 40.
Kf1 a5 41. Rb7+ Kf6 42. Ke2 d3+ 43. Kd1 Re8 44. Ne3 Ke5 45. Rc7 Bd4 46. Kd2 Rd8
47. Ng4+ Kf4 48. Rf7+ Kg5 49. g3 Bxf2 50. Nxf2 h5 51. Nxd3 Rb8 52. Ne5 Rb3 53.
h4+ Kh6 54. Nf3 g5 55. hxg5+ Kg6 56. Rf6+ Kg7 57. Nh4 Rxa3 58. Nf5+ Kg8 59. g6
Rb3 60. g7 Rb8 1-0

[Event "DEM U18w 2017"]
[Site "Willingen GER"]
[Date "2017.06.04"]
[Round "1"]
[White "Leser, Katrin"]
[Black "Schulz, Theresa Charlotte"]
[Result "1/2-1/2"]
[Termination "normal"]
[Board "6"]
[WhiteElo "1912"]
[BlackElo "1595"]
[WhiteClock "00:29:08"]
[BlackClock "00:34:40"]
[PlyCount "83"]
[WhiteFideId "12997692"]
[BlackFideId "12952206"]
[EventCountry "GER"]
[EventRounds "9"]
[EventType "swiss"]
[EventDate "2017.06.03"]

1. e4 c5 2. Nf3 Nc6 3. d4 cxd4 4. Nxd4 Nf6 5. Nc3 g6 6. Be3 Bg7 7. f3 d6 8. Qd2
O-O 9. O-O-O Nxd4 10. Bxd4 Be6 11. Kb1 a6 12. g4 Qc7 13. h4 h5 14. gxh5 Nxh5
15. Bxg7 Kxg7 16. Nd5 Bxd5 17. exd5 Ng3 18. Rh3 Nxf1 19. Rxf1 Qc5 20. Rhh1 Rh8
21. h5 Rh6 22. hxg6 Rxg6 23. f4 Rh8 24. Rxh8 Kxh8 25. f5 Rg7 26. a3 Kg8 27. Qe1
f6 28. Qe4 Rg1 29. Rxg1+ Qxg1+ 30. Ka2 Qc5 31. b4 Qc7 32. Kb3 Kf8 33. a4 Ke8
34. b5 axb5 35. axb5 Qc5 36. c4 b6 37. Kc3 Qa3+ 38. Kd2 Qc5 39. Ke2 Kf7 40. Kf3
Qg1 41. Qg4 Qxg4+ 42. Kxg4 1/2-1/2

[Event "DEM U18w 2017"]
[Site "Willingen GER"]
[Date "2017.06.04"]
[Round "1"]
[White "Schilay, Eva"]
[Black "Weis, Olga"]
[Result "0-1"]
[Termination "normal"]
[Board "7"]
[WhiteElo "1665"]
[BlackElo "1871"]
[PlyCount "52"]
[WhiteFideId "12930164"]
[BlackFideId "1270234"]
[EventCountry "GER"]
[EventRounds "9"]
[EventType "swiss"]
[EventDate "2017.06.03"]

1. e4 c5 2. Nf3 e6 3. d4 cxd4 4. Nxd4 a6 5. c4 Qc7 6. Nc3 Nf6 7. f3 Bc5 8. Qd3
Bxd4 9. Qxd4 Nc6 10. Qd2 d6 11. Qc2 Ne5 12. Qe2 O-O 13. Be3 b6 14. Rd1 Bb7 15.
Qd2 Rfd8 16. b3 d5 17. exd5 exd5 18. cxd5 Nxd5 19. Nxd5 Rxd5 20. Qc1 Rxd1+ 21.
Kxd1 Rd8+ 22. Ke1 Qe7 23. Kf2 Rc8 24. Qd2 Qf6 25. Kg1 Qg6 26. Kf2 Rc2 0-1

[Event "DEM U18w 2017"]
[Site "Willingen GER"]
[Date "2017.06.04"]
[Round "1"]
[White "Moses, Selina"]
[Black "Silber, Stefanie"]
[Result "1-0"]
[Termination "normal"]
[Board "8"]
[WhiteElo "1948"]
[BlackElo "1644"]
[PlyCount "157"]
[WhiteFideId "12908070"]
[BlackFideId "12918245"]
[EventCountry "GER"]
[EventRounds "9"]
[EventType "swiss"]
[EventDate "2017.06.03"]

1. e4 c6 2. d4 d5 3. Nc3 dxe4 4. Nxe4 Bf5 5. Ng3 Bg6 6. h4 h6 7. Nf3 Nd7 8. h5
Bh7 9. Bd3 Bxd3 10. Qxd3 Ngf6 11. Bf4 e6 12. O-O-O Nd5 13. Bd2 Be7 14. Kb1 Qc7
15. c4 N5f6 16. Ne4 O-O-O 17. g3 Nxe4 18. Qxe4 Nf6 19. Qe2 Rhe8 20. Bf4 Bd6 21.
Ne5 Qe7 22. Qf3 Bc7 23. Rd3 Nd7 24. Nxd7 Rxd7 25. Bd2 e5 26. dxe5 Bxe5 27. Re1
Rxd3 28. Qxd3 Qd7 29. Qxd7+ Kxd7 30. Kc2 Bd4 31. Rxe8 Kxe8 32. f3 Kd7 33. b3
Ke6 34. Kd3 Be5 35. g4 f5 36. f4 Bd6 37. g5 Kf7 38. g6+ Ke6 39. Bc3 Bxf4 40.
Bxg7 Bg5 41. Bd4 b6 42. Be3 c5 43. Bf2 Bf4 44. Ke2 Kf6 45. Kf3 Be5 46. a4 Kg5
47. Bg3 Bc3 48. Bb8 a6 49. Ba7 Kxh5 50. Bxb6 Kxg6 51. Bxc5 Kf6 52. b4 Ke5 53.
b5 axb5 54. axb5 Ke6 55. Be3 Kd6 56. c5+ Kd5 57. b6 Kc6 58. Bf4 Ba5 59. Be3 Bb4
60. Kf4 h5 61. Kxf5 h4 62. Kg4 Be1 63. Bg1 Kb7 64. Kf3 Bb4 65. Bf2 h3 66. Kg3
h2 67. Kxh2 Kc6 68. Kg3 Kb7 69. Kf4 Kc6 70. Ke5 Bd2 71. Bh4 Ba5 72. Bd8 Kb7 73.
Kd6 Bb4 74. Be7 Ba5 75. Bd8 Bb4 76. Bf6 Ba5 77. Bd4 Bd2 78. Kd7 Bf4 79. c6+ 1-0

[Event "DEM U18w 2017"]
[Site "Willingen GER"]
[Date "2017.06.04"]
[Round "1"]
[White "Fock, Amina"]
[Black "Hartmann, Cora"]
[Result "0-1"]
[Termination "normal"]
[Board "9"]
[WhiteElo "1592"]
[BlackElo "1788"]
[PlyCount "82"]
[WhiteFideId "12981982"]
[BlackFideId "16200764"]
[EventCountry "GER"]
[EventRounds "9"]
[EventType "swiss"]
[EventDate "2017.06.03"]

1. e4 e5 2. Nf3 Nc6 3. Bb5 a6 4. Ba4 Nf6 5. O-O Be7 6. Re1 b5 7. Bb3 d6 8. h3
O-O 9. c3 Na5 10. Bc2 c5 11. d3 h6 12. Nbd2 Be6 13. Nf1 Nc6 14. Ng3 Re8 15. Be3
b4 16. d4 Bd7 17. Bb3 Qc7 18. d5 Na5 19. c4 Reb8 20. Nd2 Be8 21. Nf5 Bf8 22.
Rc1 Qc8 23. Qf3 Nd7 24. Ba4 Ra7 25. Bxd7 Bxd7 26. Nh4 Qd8 27. Qg3 Kh8 28. f4
exf4 29. Qxf4 g5 30. Qxf7 gxh4 31. Qg6 Be8 32. Qg4 Rg7 33. Qf3 Rf7 34. Qe2 Qe7
35. b3 Bg7 36. Qd3 Bd7 37. Nf3 Bxh3 38. Rf1 Bg4 39. Nh2 Bh5 40. Rce1 Rbf8 41.
Qd2 Bc3 0-1

[Event "DEM U18w 2017"]
[Site "Willingen GER"]
[Date "2017.06.04"]
[Round "1"]
[White "Simon, Tessa"]
[Black "Kümmel, Tina"]
[Result "1/2-1/2"]
[Termination "normal"]
[Board "10"]
[WhiteElo "1882"]
[BlackElo "1433"]
[PlyCount "62"]
[WhiteFideId "12929395"]
[BlackFideId "12979368"]
[EventCountry "GER"]
[EventRounds "9"]
[EventType "swiss"]
[EventDate "2017.06.03"]

1. e4 e6 2. d4 d5 3. Nc3 Nf6 4. e5 Nfd7 5. f4 c5 6. Nf3 Nc6 7. Be3 a6 8. Qd2 b5
9. dxc5 Bxc5 10. Bd3 d4 11. Nxd4 Bxd4 12. Bxd4 Nxd4 13. Be4 Nb6 14. O-O-O b4
15. Bxa8 bxc3 16. bxc3 Nxa8 17. Qxd4 Qxd4 18. cxd4 Bb7 19. Rhg1 Nb6 20. g4 Nd5
21. Rg3 Ke7 22. f5 Rc8 23. Kb2 Nb6 24. Rf1 Be4 25. Rf2 Rd8 26. c3 Nc4+ 27. Kb3
Bd5 28. Kc2 Rb8 29. Kd3 Nb2+ 30. Kd2 Nc4+ 31. Kd3 Nb2+ 1/2-1/2

[Event "DEM U18w 2017"]
[Site "Willingen GER"]
[Date "2017.06.04"]
[Round "1"]
[White "Caliebe, Nanke"]
[Black "Sewald, Kathrin"]
[Result "0-1"]
[Termination "normal"]
[Board "11"]
[WhiteElo "1447"]
[BlackElo "1902"]
[PlyCount "126"]
[WhiteFideId "12980528"]
[BlackFideId "12964557"]
[EventCountry "GER"]
[EventRounds "9"]
[EventType "swiss"]
[EventDate "2017.06.03"]

1. d4 c5 2. Nf3 cxd4 3. Nxd4 d5 4. e3 e5 5. Nb3 Nc6 6. Nc3 Nge7 7. Be2 b6 8.
O-O g6 9. Bb5 Be6 10. f4 a6 11. Bxc6+ Nxc6 12. fxe5 Nxe5 13. Nd4 Bg4 14. Qe1
Bg7 15. h3 Bc8 16. e4 Bb7 17. exd5 Bxd5 18. Bf4 Qd6 19. Rd1 Bc4 20. Qe4 O-O 21.
Nb3 Qe6 22. Nd4 Qe7 23. Rfe1 Rfe8 24. b3 Bb5 25. Nd5 Qc5 26. b4 Qc4 27. Nxb5
axb5 28. Qxc4 Nxc4 29. Rxe8+ Rxe8 30. Nc7 Rc8 31. Nxb5 Be5 32. Bxe5 Nxe5 33. c3
Ra8 34. Ra1 Nc4 35. a4 f5 36. Nc7 Ra7 37. Nb5 Ra8 38. Nd4 Kf7 39. Nb5 Kf6 40.
Nc7 Rc8 41. Nd5+ Ke6 42. Nf4+ Ke5 43. Ne2 Ke4 44. Nc1 f4 45. Kf2 g5 46. Ra2 h5
47. Re2+ Ne3 48. Na2 Kd3 49. a5 bxa5 50. bxa5 Ra8 51. Nb4+ Kxc3 52. Nc6 Ra6 53.
Ne5 Rxa5 54. Ng6 Ra6 55. Ne5 Re6 56. Nf7 g4 57. hxg4 hxg4 58. Re1 Kd2 59. Re2+
Kd3 60. Re1 Re7 61. Nd6 Ra7 62. Re2 Ra1 63. Re1 g3+ 0-1

[Event "DEM U18w 2017"]
[Site "Willingen GER"]
[Date "2017.06.04"]
[Round "1"]
[White "Diener, Carolin Valeria"]
[Black "Shirov-Michna, Masza"]
[Result "1-0"]
[Termination "normal"]
[Board "12"]
[WhiteElo "1909"]
[BlackElo "1343"]
[PlyCount "79"]
[WhiteFideId "24699063"]
[BlackFideId "12921998"]
[EventCountry "GER"]
[EventRounds "9"]
[EventType "swiss"]
[EventDate "2017.06.03"]

1. e4 e6 2. d4 d5 3. Nc3 Nf6 4. e5 Nfd7 5. f4 c5 6. Nf3 Nc6 7. Be3 Qb6 8. Na4
Qa5+ 9. c3 c4 10. b4 Qc7 11. Rb1 b5 12. Nc5 Bxc5 13. dxc5 O-O 14. g3 f6 15.
exf6 Nxf6 16. Bg2 Bb7 17. Nd4 Nxd4 18. Bxd4 Nd7 19. Bh3 Rae8 20. Qe2 Qc6 21.
O-O Nf6 22. Bg2 Bc8 23. Be5 Nd7 24. Bd6 Rf6 25. Rfe1 Nf8 26. Qd2 Bb7 27. Qd4
Nd7 28. Re2 Nf8 29. Rbe1 Bc8 30. Qd2 Qd7 31. Bh3 Rh6 32. Bg4 Rf6 33. Bf3 Qf7
34. Bxd5 Bd7 35. Be4 Rh6 36. Qe3 Qf6 37. Rd1 Rd8 38. Red2 Qf7 39. Bxf8 Qxf8 40.
c6 1-0

[Event "DEM U18w 2017"]
[Site "Willingen GER"]
[Date "2017.06.04"]
[Round "1"]
[White "Schiewe, Nadin"]
[Black "Schumann, Rabea"]
[Result "0-1"]
[Termination "normal"]
[Board "13"]
[WhiteElo "1325"]
[BlackElo "1858"]
[PlyCount "52"]
[WhiteFideId "16209079"]
[BlackFideId "12918199"]
[EventCountry "GER"]
[EventRounds "9"]
[EventType "swiss"]
[EventDate "2017.06.03"]

1. d4 d5 2. Nf3 Nf6 3. e3 c5 4. c3 e6 5. Bd3 Nc6 6. Nbd2 Bd6 7. O-O O-O 8. Re1
Qc7 9. h3 Bd7 10. a3 c4 11. Bc2 b5 12. e4 dxe4 13. Nxe4 Nxe4 14. Bxe4 f6 15. d5
f5 16. dxc6 fxe4 17. Rxe4 Bxc6 18. Rxe6 Bc5 19. Be3 Rad8 20. Qe2 Bxf3 21. gxf3
Bxe3 22. Rxe3 Qd7 23. a4 Qxh3 24. axb5 Rd6 25. Qxc4+ Kh8 26. Qf1 Rg6+ 0-1

[Event "DEM U18w 2017"]
[Site "Willingen GER"]
[Date "2017.06.05"]
[Round "3"]
[White "Weis, Olga"]
[Black "Sieber, Fiona"]
[Result "1/2-1/2"]
[Termination "normal"]
[Board "1"]
[BlackTitle "WFM"]
[WhiteElo "1871"]
[BlackElo "2332"]
[WhiteClock "00:01:27"]
[BlackClock "00:02:39"]
[PlyCount "163"]
[WhiteFideId "1270234"]
[BlackFideId "12902373"]
[EventCountry "GER"]
[EventRounds "9"]
[EventType "swiss"]
[EventDate "2017.06.03"]

1. d4 Nf6 2. c4 e6 3. Nf3 b6 4. g3 Ba6 5. Nbd2 Bb4 6. Qc2 Bb7 7. Bg2 c5 8. dxc5
Bxc5 9. O-O O-O 10. b3 Nc6 11. Bb2 Rc8 12. Rad1 Be7 13. Ng5 h6 14. Nge4 Ne8 15.
Nf3 Qc7 16. Qd2 d6 17. Nc3 Qb8 18. e4 Nf6 19. Rfe1 Rfd8 20. Qe2 Nd7 21. Nb5 a6
22. Nbd4 Bf8 23. Nxc6 Bxc6 24. Nd4 Ba8 25. Nc2 b5 26. cxb5 axb5 27. Nd4 b4 28.
Rc1 Ne5 29. Nf3 Bc6 30. Red1 Bb5 31. Qd2 Rxc1 32. Bxc1 Nd3 33. Bf1 Nxc1 34.
Rxc1 d5 35. exd5 Rxd5 36. Qe3 Bxf1 37. Kxf1 Qb5+ 38. Qe2 Qb7 39. Rc4 Be7 40.
Qc2 Rd8 41. Kg2 Qa8 42. Rc6 Bf8 43. Kg1 Qa5 44. Qe2 Qd5 45. Rc2 Qd1+ 46. Qxd1
Rxd1+ 47. Kg2 f6 48. Nd2 Kf7 49. Kf3 g5 50. Ke2 Ra1 51. Nf3 g4 52. Nd4 Bd6 53.
f3 h5 54. fxg4 hxg4 55. Kd3 Re1 56. Nc6 f5 57. Rc4 Rd1+ 58. Ke3 Re1+ 59. Kd3
Ra1 60. Rc2 Ke8 61. Kc4 Re1 62. Rd2 Rc1+ 63. Kb5 Rc5+ 64. Kb6 Rd5 65. Rxd5 exd5
66. Kb5 f4 67. gxf4 Bxf4 68. Nxb4 d4 69. Kc4 Bxh2 70. Nd3 Bg1 71. Ne1 Kd7 72.
a4 Be3 73. Kd3 Kc6 74. Ng2 Bf2 75. b4 Kd5 76. b5 Bg3 77. a5 Kc5 78. b6 Kb5 79.
Kxd4 Kxa5 80. Ke4 Bb8 81. Ne3 g3 82. Kf3 1/2-1/2

[Event "DEM U18w 2017"]
[Site "Willingen GER"]
[Date "2017.06.05"]
[Round "3"]
[White "Sewald, Kathrin"]
[Black "Wiesner, Paula"]
[Result "0-1"]
[Termination "normal"]
[Board "2"]
[WhiteElo "1902"]
[BlackElo "2061"]
[WhiteClock "00:01:26"]
[BlackClock "00:12:00"]
[PlyCount "70"]
[WhiteFideId "12964557"]
[BlackFideId "24654019"]
[EventCountry "GER"]
[EventRounds "9"]
[EventType "swiss"]
[EventDate "2017.06.03"]

1. e4 e6 2. d4 d5 3. Nd2 Nc6 4. c3 e5 5. Ngf3 exd4 6. cxd4 dxe4 7. Nxe4 Bb4+ 8.
Bd2 Qe7 9. Qe2 Bg4 10. Bxb4 Nxb4 11. a3 Nc6 12. O-O-O O-O-O 13. Qe3 Nf6 14.
Nxf6 Qxf6 15. d5 Rhe8 16. Qc5 Qf4+ 17. Kb1 Qd6 18. Qc3 Ne5 19. Bb5 Re7 20. Rd4
Bf5+ 21. Ka1 Nxf3 22. gxf3 Kb8 23. Rc1 Ka8 24. Rdd1 f6 25. Qb3 Qxh2 26. Rc6 Rd6
27. Qc4 bxc6 28. Bxc6+ Rxc6 29. dxc6 Re8 30. Qb5 Bc8 31. Rd5 Qxf2 32. Qb3 Qe3
33. Rd3 Qc1+ 34. Ka2 Qxc6 35. Rc3 Qe6 0-1

[Event "DEM U18w 2017"]
[Site "Willingen GER"]
[Date "2017.06.05"]
[Round "3"]
[White "Rogozenco, Teodora"]
[Black "Schumann, Rabea"]
[Result "1-0"]
[Termination "normal"]
[Board "3"]
[WhiteTitle "WFM"]
[WhiteElo "2139"]
[BlackElo "1858"]
[WhiteClock "00:23:21"]
[BlackClock "00:42:20"]
[PlyCount "39"]
[WhiteFideId "12938084"]
[BlackFideId "12918199"]
[EventCountry "GER"]
[EventRounds "9"]
[EventType "swiss"]
[EventDate "2017.06.03"]

1. d4 d5 2. c4 dxc4 3. e3 Nf6 4. Bxc4 e6 5. Nf3 a6 6. O-O c5 7. Qe2 Nc6 8. Rd1
Qc7 9. a4 cxd4 10. exd4 Be7 11. Nc3 Nb4 12. Bg5 O-O 13. Rac1 Re8 14. d5 exd5
15. Bxf6 dxc4 16. Bxe7 Rxe7 17. Qxc4 Nc6 18. Nd5 Be6 19. Nxc7 Bxc4 20. Nxa8 1-0

[Event "DEM U18w 2017"]
[Site "Willingen GER"]
[Date "2017.06.05"]
[Round "3"]
[White "Wächter, Nathalie"]
[Black "Ley, Sabrina"]
[Result "1-0"]
[Termination "normal"]
[Board "4"]
[WhiteElo "1994"]
[BlackElo "1888"]
[WhiteClock "00:26:27"]
[BlackClock "00:00:48"]
[PlyCount "81"]
[WhiteFideId "12921033"]
[BlackFideId "12938130"]
[EventCountry "GER"]
[EventRounds "9"]
[EventType "swiss"]
[EventDate "2017.06.03"]

1. d4 d5 2. c4 dxc4 3. Nf3 Nf6 4. e3 e6 5. Bxc4 a6 6. O-O b5 7. Bd3 Bb7 8. a4
bxa4 9. Nbd2 c5 10. Qxa4+ Qd7 11. Qc2 Nc6 12. Nc4 Nb4 13. Qe2 Nxd3 14. Qxd3 Qd8
15. Nce5 cxd4 16. exd4 Be7 17. Qb3 Qd5 18. Qa4+ Nd7 19. Bd2 Rd8 20. Ba5 Rc8 21.
Rac1 f6 22. Rxc8+ Bxc8 23. Nc6 Bd6 24. Rc1 O-O 25. Nd8 Bb7 26. Nxb7 Qxb7 27.
Qc4 Re8 28. Qc6 Qxc6 29. Rxc6 Bf8 30. Rxa6 e5 31. Ra7 Nb8 32. d5 Bc5 33. Rc7
Bd6 34. Rc2 Kf8 35. Nd2 Re7 36. Ne4 Ra7 37. b4 Bxb4 38. Bxb4+ Kf7 39. Kf1 Ra4
40. Nd6+ Kg6 41. Be1 1-0

[Event "DEM U18w 2017"]
[Site "Willingen GER"]
[Date "2017.06.05"]
[Round "3"]
[White "Halas, Julia"]
[Black "Klenk, Sofie"]
[Result "1-0"]
[Termination "normal"]
[Board "5"]
[WhiteElo "1855"]
[BlackElo "1876"]
[WhiteClock "00:05:51"]
[BlackClock "00:07:49"]
[PlyCount "81"]
[WhiteFideId "12931810"]
[BlackFideId "12996653"]
[EventCountry "GER"]
[EventRounds "9"]
[EventType "swiss"]
[EventDate "2017.06.03"]

1. d4 d5 2. c4 e6 3. Nc3 c5 4. cxd5 cxd4 5. Qxd4 Nc6 6. Qd1 exd5 7. Qxd5 Bd7 8.
Bg5 Nf6 9. Bxf6 Qxf6 10. O-O-O O-O-O 11. Qf3 Qe6 12. e4 Bb4 13. Nge2 Kb8 14.
Qg3+ Ka8 15. Nf4 Qh6 16. Ncd5 Bd6 17. Kb1 g5 18. Qc3 Bxf4 19. Nxf4 Rhe8 20. Nd3
Rxe4 21. Nc5 Re7 22. Nxd7 Rexd7 23. Rxd7 Rxd7 24. Bb5 Qg6+ 25. Kc1 Rd6 26. Re1
f5 27. Qe3 Kb8 28. Qe8+ Qxe8 29. Rxe8+ Kc7 30. Rf8 Nd4 31. Rf7+ Kb6 32. Bd3
Rc6+ 33. Kd2 Rc7 34. Rxc7 Kxc7 35. Ke3 Nc6 36. Bxf5 h6 37. Be4 b6 38. Bxc6 Kxc6
39. Ke4 Kc5 40. g3 Kc4 41. f4 1-0

[Event "DEM U18w 2017"]
[Site "Willingen GER"]
[Date "2017.06.05"]
[Round "3"]
[White "Leser, Katrin"]
[Black "Yi, Wendy"]
[Result "1/2-1/2"]
[Termination "normal"]
[Board "6"]
[WhiteElo "1912"]
[BlackElo "1693"]
[WhiteClock "00:21:25"]
[BlackClock "00:23:59"]
[PlyCount "93"]
[WhiteFideId "12997692"]
[BlackFideId "16224850"]
[EventCountry "GER"]
[EventRounds "9"]
[EventType "swiss"]
[EventDate "2017.06.03"]

1. e4 e5 2. Nf3 Nc6 3. Bb5 a6 4. Ba4 Nf6 5. O-O Be7 6. Re1 b5 7. Bb3 O-O 8. c3
d5 9. exd5 Nxd5 10. Nxe5 Nxe5 11. Rxe5 c6 12. d3 Bd6 13. Re1 Qh4 14. g3 Qh3 15.
Re4 Bd7 16. Nd2 Rae8 17. Qf1 Qf5 18. Rxe8 Rxe8 19. Ne4 Bc7 20. Bd2 Qh5 21. Bd1
Qg6 22. a4 f5 23. Nc5 Bc8 24. f4 Bb6 25. d4 Qd6 26. Qf2 Nf6 27. axb5 axb5 28.
Bf3 Bxc5 29. dxc5 Qd3 30. Re1 Ne4 31. Qe2 Qxe2 32. Rxe2 Kf7 33. Bxe4 Rxe4 34.
Rxe4 fxe4 35. Be3 Bf5 36. Bd4 g6 37. Kf2 Ke6 38. Ke3 Kd5 39. b3 Ke6 40. Kf2 Kd5
41. Ke3 Ke6 42. c4 bxc4 43. bxc4 Kf7 44. Bc3 Ke7 45. Kd4 Ke6 46. Bd2 Kf6 47.
Be3 1/2-1/2

[Event "DEM U18w 2017"]
[Site "Willingen GER"]
[Date "2017.06.05"]
[Round "3"]
[White "Moses, Selina"]
[Black "Gatzke, Carolin"]
[Result "1-0"]
[Termination "normal"]
[Board "7"]
[WhiteElo "1948"]
[BlackElo "1778"]
[PlyCount "93"]
[WhiteFideId "12908070"]
[BlackFideId "12943746"]
[EventCountry "GER"]
[EventRounds "9"]
[EventType "swiss"]
[EventDate "2017.06.03"]

1. e4 d5 2. exd5 Qxd5 3. Nc3 Qa5 4. d4 c6 5. Nf3 Nf6 6. Bc4 Bf5 7. Bd2 Qb6 8.
Bb3 e6 9. Qe2 Nbd7 10. O-O-O Bb4 11. a3 Bxc3 12. Bxc3 O-O-O 13. Qe1 Qc7 14. Ng5
Rhf8 15. h3 h6 16. Nf3 Ne4 17. Bd2 c5 18. Be3 c4 19. Ba2 c3 20. g4 Bh7 21. Ng1
Nb6 22. b4 Qc6 23. Bb3 Nxf2 24. d5 Nxd5 25. Bxf2 Nxb4 26. Rxd8+ Rxd8 27. Ne2
Rd2 28. axb4 Rxe2 29. Qxe2 Qxh1+ 30. Qe1 Qxh3 31. Bg3 Be4 32. Qxc3+ Bc6 33. Qe5
Kd7 34. Qc7+ Ke8 35. Bd6 Qf1+ 36. Kb2 Qf6+ 37. Ka2 Qd8 38. Qxd8+ Kxd8 39. Bf8
Bf3 40. Bxg7 Bxg4 41. Bxh6 Kd7 42. Kb2 f5 43. Bf4 Bf3 44. Kc3 Bc6 45. Kd4 Ke7
46. Ke5 Bd7 47. Bg5+ 1-0

[Event "DEM U18w 2017"]
[Site "Willingen GER"]
[Date "2017.06.05"]
[Round "3"]
[White "Hartmann, Cora"]
[Black "Wallat, Jessica"]
[Result "0-1"]
[Termination "normal"]
[Board "8"]
[WhiteElo "1788"]
[BlackElo "1706"]
[PlyCount "64"]
[WhiteFideId "16200764"]
[BlackFideId "12909637"]
[EventCountry "GER"]
[EventRounds "9"]
[EventType "swiss"]
[EventDate "2017.06.03"]

1. e4 c5 2. Nf3 d6 3. Bb5+ Nd7 4. c3 Ngf6 5. Bd3 g6 6. Bc2 Bg7 7. d4 cxd4 8.
cxd4 O-O 9. O-O b6 10. Nc3 Bb7 11. Re1 Rc8 12. h3 Qc7 13. Be3 e5 14. Rc1 a6 15.
a4 Rfe8 16. Bd3 Qd8 17. b4 d5 18. dxe5 Nxe5 19. Nxe5 d4 20. Bf4 dxc3 21. Bc4
Re7 22. Qb3 Qe8 23. Nxf7 Rxf7 24. e5 Ne4 25. Bxf7+ Qxf7 26. Qxf7+ Kxf7 27. f3
Nd2 28. Rc2 Bxf3 29. e6+ Ke7 30. Bxd2 cxd2 31. Rxd2 Bc6 32. Rf2 Bd4 0-1

[Event "DEM U18w 2017"]
[Site "Willingen GER"]
[Date "2017.06.05"]
[Round "3"]
[White "Diener, Carolin Valeria"]
[Black "Kümmel, Tina"]
[Result "1-0"]
[Termination "normal"]
[Board "9"]
[WhiteElo "1909"]
[BlackElo "1433"]
[PlyCount "47"]
[WhiteFideId "24699063"]
[BlackFideId "12979368"]
[EventCountry "GER"]
[EventRounds "9"]
[EventType "swiss"]
[EventDate "2017.06.03"]

1. e4 e6 2. d4 d5 3. Nc3 Nf6 4. e5 Nfd7 5. Nf3 c5 6. dxc5 Bxc5 7. Bd3 Nc6 8.
Bf4 a6 9. O-O Qc7 10. Qe2 h6 11. Rae1 Nb4 12. a3 Nxd3 13. Qxd3 O-O 14. Ne2 b5
15. Ned4 Nb6 16. g4 Be7 17. g5 hxg5 18. Nxg5 Bxg5 19. Bxg5 Bb7 20. b3 Rfc8 21.
Re3 Nd7 22. Rh3 g6 23. f4 Nc5 24. Rh8+ 1-0